000 00246nam a2200109Ia 4500
008 190216s9999||||xx |||||||||||||| ||und||
100 _aRajan K R
245 0 _aChandrane Kandethal
260 _bBhasha Institute
650 _aPhysics
942 _cBK
999 _c39902
_d39902